Sports Quiz

Random Sports Quiz

AFC Championship losing coaches Quiz Stats

 Plays Quiz not verified by Sporcle

Support Sporcle.
Go Orange.
Score 0/45 Timer 07:00
0 Plays Today
year Coach % Correct
2013Bill Belichick
97.6%
2014Bill Belichick
97.6%
1995Bill Cowher
96.7%
1998Bill Cowher
96.7%
2002Bill Cowher
96.7%
2005Bill Cowher
96.7%
2007Bill Belichick
96.2%
2004Tony Dungy
93.4%
2010Rex Ryan
91.5%
2011Rex Ryan
91.5%
2012John Harbaugh
91.5%
1986Don Shula
90.5%
1993Don Shula
90.5%
1973Chuck Noll
87.7%
1977Chuck Noll
87.7%
1985Chuck Noll
87.7%
1971John Madden
87.2%
1974John Madden
87.2%
1975John Madden
87.2%
1976John Madden
87.2%
1978John Madden
87.2%
2009John Harbaugh
86.7%
1987Marty Schottenheimer
85.3%
year Coach % Correct
1988Marty Schottenheimer
85.3%
1994Marty Schottenheimer
85.3%
1989Marv Levy
81%
2006Mike Shanahan
79.6%
1999Bill Parcells
78.2%
2003Jeff Fisher
78.2%
1992Dan Reeves
75.4%
2008Norv Turner
74.4%
2001Jon Gruden
70.6%
1997Tom Coughlin
69.2%
2000Tom Coughlin
69.2%
1979Bum Phillips
63%
1980Bum Phillips
63%
1991Art Shell
60.7%
2015Chuck Pagano
57.5%
1981Don Coryell
55.9%
1982Don Coryell
55.9%
1984Chuck Knox
53.6%
1996Ted Marchibroda
49.8%
1972Don McCafferty
28.4%
1990Bud Carson
26.1%
1983Walt Michaels
23.7%

You're not logged in!

Compare scores with friends on all Sporcle quizzes.
OR
Log In

From the Vault

Joe Biden or Michael Scott

by warriorlan1

Joe Biden hopes to one day achieve the success of a regional manager at a paper company.
Remove Ads.
Support Sporcle.
Get the best of Sporcle when you Go Orange. This ad-free experience offers more features, more stats, and more fun while also helping to support Sporcle. Thank you for becoming a member.

Show Comments

Extras

Top Quizzes Today


Score Distribution

Your Account Isn't Verified!

In order to create a playlist on Sporcle, you need to verify the email address you used during registration. Go to your Sporcle Settings to finish the process.

Report this User

Report this user for behavior that violates our Community Guidelines.

Details: